000
00311nam a2200133Ia 4500
008
150301s2015 xx 000 0 und d
082
_a
615.1
_b
B07W
100
_a
WHO
245
_a
BASIC TESTS FOR PHARMACEUTICAL SUBSTANCE
260
_b
WHO/AITBS
300
_a
195
650
_a
PHARMACEUTICS
942
_2
ddc
_c
BK
999
_c
7239
_d
7239